Catálogo

La alianza del pacífico : (Registro nro. 25419)

Detalles MARC
000 -LEADER
fixed length control field 00955cam a2200241 i 4500
001 - CONTROL NUMBER
control field 25419
003 - CONTROL NUMBER IDENTIFIER
control field Mx-PuUPA
005 - DATE AND TIME OF LATEST TRANSACTION
control field 20250929141953.0
008 - FIXED-LENGTH DATA ELEMENTS--GENERAL INFORMATION
fixed length control field 140415s2017 mx a gr 000 0 spa d
020 ## - INTERNATIONAL STANDARD BOOK NUMBER
International Standard Book Number 9786079695910
040 ## - CATALOGING SOURCE
Transcribing agency Mx-PuUPA
041 0# - LANGUAGE CODE
Language code of text/sound track or separate title spa
082 04 - DEWEY DECIMAL CLASSIFICATION NUMBER
Classification number xx
Item number xx
Edition number 23
245 13 - TITLE STATEMENT
Title La alianza del pacífico :
Remainder of title nuevo mecanismo de cooperación e integración Latinoamericano /
Statement of responsibility, etc. Juan Pablo Prado Lallande, Rafael Velázquez Flores, Luis Ochoa Bilbao, editores
250 ## - EDITION STATEMENT
Edition statement Primera edición /
Remainder of edition statement mayo
264 #1 - PRODUCTION, PUBLICATION, DISTRIBUTION, MANUFACTURE, AND COPYRIGHT NOTICE
Place of production, publication, distribution, manufacture Ciudad de México :
Name of producer, publisher, distributor, manufacturer Asociación Mexicana de Estudios Internacionales,
Date of production, publication, distribution, manufacture, or copyright notice 2017
300 ## - PHYSICAL DESCRIPTION
Extent 190 páginas :
Other physical details ilustraciones ;
Dimensions 23 cm
700 1# - ADDED ENTRY--PERSONAL NAME
Personal name Prado Lallande, Juan Pablo,
Relator term editor
700 1# - ADDED ENTRY--PERSONAL NAME
Personal name Velázquez Flores, Rafael,
Relator term editor
9 (RLIN) 15608
700 1# - ADDED ENTRY--PERSONAL NAME
Personal name Ochoa Bilbao, Luis,
Relator term editor
9 (RLIN) 6303
942 ## - ADDED ENTRY ELEMENTS (KOHA)
Source of classification or shelving scheme Dewey Decimal Classification
Koha item type Libro
Classification part xx
Item part xx
Existencias
Withdrawn status Lost status Source of classification or shelving scheme Damaged status Not for loan Collection code Home library Current library Shelving location Date acquired Source of acquisition Total Checkouts Full call number Barcode Price effective from Koha item type
    Dewey Decimal Classification   En catalogación General Biblioteca Karol Wojtyla Biblioteca Karol Wojtyla Procesos técnicos 03/12/2013 Donación   xx 47350 03/12/2013 Libro